000
00240nam a2200109 a 4500
005
20140414132009.0
008
110222s19uu xx 00 eng d
050
_a
VCD
_b
B85
245
_a
A bug's life.
650
_a
Insects
999
_c
113232
_d
113232